<?xml version="1.0" encoding="UTF-8"?>
<record
    xmlns:xsi="http://www.w3.org/2001/XMLSchema-instance"
    xsi:schemaLocation="http://www.loc.gov/MARC21/slim http://www.loc.gov/standards/marcxml/schema/MARC21slim.xsd"
    xmlns="http://www.loc.gov/MARC21/slim">

  <leader>01635cam a22003133a 4500</leader>
  <controlfield tag="001">17610329</controlfield>
  <controlfield tag="003">3228</controlfield>
  <controlfield tag="005">20230904103629.0</controlfield>
  <controlfield tag="008">130201s2012    onc           000 1 eng d</controlfield>
  <datafield tag="020" ind1=" " ind2=" ">
    <subfield code="a">9780778313199</subfield>
  </datafield>
  <datafield tag="040" ind1=" " ind2=" ">
    <subfield code="c">3228</subfield>
  </datafield>
  <datafield tag="042" ind1=" " ind2=" ">
    <subfield code="a">lccopycat</subfield>
  </datafield>
  <datafield tag="082" ind1=" " ind2=" ">
    <subfield code="a">EF MART</subfield>
  </datafield>
  <datafield tag="100" ind1="1" ind2=" ">
    <subfield code="a">Martin, Kat.</subfield>
    <subfield code="9">125460</subfield>
  </datafield>
  <datafield tag="245" ind1="1" ind2="0">
    <subfield code="a">Against the night /</subfield>
    <subfield code="c">Kat Martin.</subfield>
  </datafield>
  <datafield tag="260" ind1=" " ind2=" ">
    <subfield code="a">Don Mills, Ont. :</subfield>
    <subfield code="b">Mira Books,</subfield>
    <subfield code="c">c2012.</subfield>
  </datafield>
  <datafield tag="300" ind1=" " ind2=" ">
    <subfield code="a">394 pages ;</subfield>
    <subfield code="c">17 cm.</subfield>
  </datafield>
  <datafield tag="490" ind1="1" ind2=" ">
    <subfield code="a">The Raines of Wind Canyon</subfield>
  </datafield>
  <datafield tag="490" ind1="0" ind2=" ">
    <subfield code="a">Mira Romantic suspense</subfield>
  </datafield>
  <datafield tag="520" ind1=" " ind2=" ">
    <subfield code="a">She's got the face of an angel and the body of...well, isn't that what he'd expect from an exotic dancer? But there's something about this girl that Johnnie Riggs can't shake. The former army ranger is hot on the trail of an elusive drug lord--and suddenly very hot under the collar, as well. Amy's got her own agenda to pursue: her sister is missing and Amy seems to be the only one who cares. She'll enlist Johnnie's help and do her best to ignore her growing attraction to finally get some answers. But when the two trails begin to converge and reveal something even more sinister than they imagined, their mutual desire is the least of their problems. They'll bring the truth to light...or die trying.</subfield>
  </datafield>
  <datafield tag="650" ind1=" " ind2="0">
    <subfield code="a">Private investigators</subfield>
    <subfield code="v">Fiction.</subfield>
    <subfield code="9">181420</subfield>
  </datafield>
  <datafield tag="650" ind1=" " ind2="0">
    <subfield code="a">Stripteasers</subfield>
    <subfield code="v">Fiction.</subfield>
    <subfield code="9">181422</subfield>
  </datafield>
  <datafield tag="650" ind1=" " ind2="0">
    <subfield code="a">Sisters</subfield>
    <subfield code="v">Fiction.</subfield>
    <subfield code="9">130774</subfield>
  </datafield>
  <datafield tag="650" ind1=" " ind2="0">
    <subfield code="a">Missing persons</subfield>
    <subfield code="v">Fiction.</subfield>
    <subfield code="9">131472</subfield>
  </datafield>
  <datafield tag="655" ind1=" " ind2="7">
    <subfield code="a">Romantic suspense fiction.</subfield>
    <subfield code="2">gsafd</subfield>
    <subfield code="9">181424</subfield>
  </datafield>
  <datafield tag="655" ind1=" " ind2="7">
    <subfield code="a">Love stories.</subfield>
    <subfield code="2">gsafd</subfield>
  </datafield>
  <datafield tag="800" ind1="1" ind2=" ">
    <subfield code="a">Martin, Kat.</subfield>
    <subfield code="t">Raines of Wind Canyon.</subfield>
    <subfield code="9">181425</subfield>
  </datafield>
  <datafield tag="942" ind1=" " ind2=" ">
    <subfield code="2">ddc</subfield>
    <subfield code="c">BOOK</subfield>
    <subfield code="w">169</subfield>
    <subfield code="x">Boniswa Ngcongolo</subfield>
    <subfield code="y">169</subfield>
    <subfield code="z">Boniswa Ngcongolo</subfield>
  </datafield>
  <datafield tag="999" ind1=" " ind2=" ">
    <subfield code="c">756855</subfield>
    <subfield code="d">756854</subfield>
  </datafield>
</record>
